[Event "Vereinsjugendmeisterschaft 2024"]
[Site "Steinfurt"]
[Date "2024.05.19"]
[Round "3.2"]
[White "Venmanns, Elisha David"]
[Black "Homann, Darius"]
[Result "0-1"]
[WhiteElo "817"]
[BlackElo "1275"]
[Annotator "Taktische Analyse 6.4"]
[PlyCount "44"]
[Beauty "8247297704457"]
[GameId "2049957520317815"]
[EventDate "2024.??.??"]
[WhiteTeam "SC Steinfurt 1996 e. V."]
[BlackTeam "SC Steinfurt 1996 e. V."]

{[%evp 9,44,-12,-11,-40,-12,-67,-66,-467,-467,-473,-466,-473,-471,-487,-332,-337,-346,-467,-460,-591,-512,-504,-518,-537,-476,-501,-459,-481,-435,-457,-468,-482,-479,-604,-589,-683,-675]} 1. e4 c6 2. Nc3 d5 3. exd5 cxd5 4. Bb5+ Nc6 5. Nf3 e6 6. Ne5 {B11: Caro-Kann (Zweispringer-Variante).} Bd7 7. d4 $146 ({Vorgänger:} 7. Bxc6 Bxc6 8. Nxc6 bxc6 9. d4 Bd6 10. O-O Nf6 11. Bg5 Qc7 12. Bxf6 Bxh2+ 13. Kh1 gxf6 {0-1 Souralova,J (1000)-Ostruzlik,M (1957) Oravska Priehrada op Namestovo 2017 (2)}) 7... Nxe5 8. Bxd7+ {[%eval -467,19] [%wdl 0,0,1000][%mdl 8192] [#]} (8. dxe5 $15 {[%eval -66,24] [%wdl 3,749,248]} Bxb5 9. Nxb5) 8... Nxd7 $19 9. O-O Ngf6 10. Bf4 Bb4 11. Nb5 Ba5 {Gegen Sc7+ gerichtet. Und jetzt ...0-0 wäre schön.} 12. b4 Bb6 {...0-0 wäre nun fies.} ({Viel schwächer ist} 12... Bxb4 13. Nc7+ Kf8 14. Nxa8 Qxa8 15. Rb1) 13. Qf3 O-O {Schwarz steht klar auf Gewinn.} 14. Qg3 Rc8 {[%cal Of6h5]} 15. Bh6 {[%csl Gh6][%cal Rg3g7] [#]} Nh5 ({Schlechter ist} 15... Rxc2 16. Qxg7#) 16. Qh3 gxh6 17. Qxh5 Qg5 18. Qd1 Kh8 19. Nd6 Rb8 20. f4 Qg7 21. Nb5 a6 22. Nc3 Bxd4+ {Weiß schien mit der Eröffnung nicht zurechtzukommen.   Gewichteter Fehlerwert: Weiß=0.66/Schwarz=0.27 (präzise) .  Verlustzug:     	Weiß=1     	---        Ungenau:       	Weiß=2     	Schwarz=2     OK:         	Weiß=3     	Schwarz=5     Bester:       	---       	Schwarz=1} 0-1

[Event "Vereinsjugendmeisterschaft 2024"]
[Site "Steinfurt"]
[Date "2024.05.19"]
[Round "3.4"]
[White "Hengelman, Nick"]
[Black "Vieth, Niklas"]
[Result "0-1"]
[WhiteElo "1011"]
[BlackElo "1180"]
[Annotator "Taktische Analyse 6.4"]
[PlyCount "60"]
[Beauty "8247410950151"]
[GameId "2049957520342393"]
[EventDate "2024.??.??"]
[WhiteTeam "SC Steinfurt 1996 e. V."]
[BlackTeam "SC Steinfurt 1996 e. V."]

{[%evp 9,60,-122,-23,-52,19,23,21,27,31,30,524,0,0,0,19,-46,-45,-87,212,14,102,48,48,-133,-127,-187,-165,-169,-95,-100,-97,-109,0,-508,-509,-545,-545,-561,-562,-570,-569,-602,-591,-597,-589,-608,-597,-631,-624,-657,-649,-649,-640]} 1. e4 e5 2. Bc4 Nf6 3. Nf3 Nc6 4. c3 Nxe4 5. Qe2 Nd6 {[%eval -23,26] [%wdl 15,913,72]} (5... d5 $17 {[%eval -122,28] [%wdl 0,299,701]} 6. Bb5 f6) 6. Bb3 $146 {C55: Zweispringerspiel.} ({Vorgänger:} 6. Nxe5 Nxe5 7. Qxe5+ Qe7 8. d4 Qxe5+ 9. dxe5 Nxc4 10. O-O Be7 11. b3 Nxe5 12. Rd1 {0-1 Schreiber,R-Fritsch Gruendel,T Freechess-ch 22797-GB2R2 freechess.de 2021}) 6... e4 {[%eval 19,26] [%wdl 63,920,17]} (6... Qe7 $15 {[%eval -52,28] [%wdl 5,823,172]}) 7. d3 $11 Qe7 {[%csl LRd3,LRf3]} 8. dxe4 {Die Stellung ist ausgeglichen.} Qxe4 9. Be3 {Sbd2 wäre nun fies.} Nf5 $2 {[%eval 524,25] [%wdl 1000,0,0][%mdl 8192] [#]} (9... Qe7 $11 {[%eval 30,24] [%wdl 84,905,11]}) 10. Nbd2 $2 {[%eval 19,26] [%wdl 48,940,12]} (10. Bxf7+ $1 $18 {[%eval 524,25] [%wdl 1000,0,0]} Kxf7 11. Ng5+ Kg8 12. Nxe4) 10... Qe7 {Und ...Sxe3 würde nun gewinnen.} 11. O-O {Droht Tae1 und aus.} Nxe3 12. fxe3 {[%eval -46,27] [%wdl 4,873,123]} (12. Qxe3 Qxe3 13. fxe3 Be7 $15) ({Vorzuziehen ist} 12. Rfe1 $11 {[%eval 19,26] [%wdl 48,940,12]}) 12... d6 $15 13. Bd5 Bg4 $2 {[%eval 212,20] [%wdl 989,11,0][%mdl 8192] [#]} (13... Nd8 $17 {[%eval -87,25] [%wdl 1,600,399] hält den Druck.}) 14. Rae1 $2 {[%eval 14,23] [%wdl 36,952,12]} (14. Qb5 $1 $18 {[%eval 212,20] [%wdl 989,11,0][%cal Rb5b7]} Rc8 (14... Qxe3+ $2 15. Kh1 $18) 15. e4 (15. Bxc6+ bxc6 16. Qxc6+ Bd7 $11) (15. Qxb7 Nd8 $16)) 14... Bxf3 {[%eval 102,26] [%wdl 543,457,0]} (14... Bd7 $11 {[%eval 14,23] [%wdl 36,952,12] bleibt in der Remisbreite.}) 15. Rxf3 (15. Qxf3 Ne5 16. Qf4 c6 $15) (15. Bxf3 $6 Nd8 $11) 15... Ne5 {[%cal Oc7c6] Droht stark ...c6!} 16. Rf4 $2 {[%eval -133,22] [%wdl 0,196,804]} (16. Bxb7 $14 {[%eval 48,25] [%wdl 113,884,3] bleibt weiter vorne.} Rb8 17. Qa6 (17. Qb5+ $2 Qd7 $19)) 16... c6 $17 17. Bc4 {[%eval -187,23] [%wdl 0,24,976]} (17. Bb3 $17 {[%eval -127,25] [%wdl 0,233,767] war einen Versuch wert.}) 17... d5 18. Bb3 g6 {[%eval -95,24] [%wdl 0,535,465]} (18... O-O-O $19 {[%eval -169,19] [%wdl 0,47,953] Weiss muss nun ...g6 beachten.} 19. e4 f6) 19. c4 Bh6 $36 {[%mdl 2048] Schwarz bestimmt, wo es lang geht.} 20. Rd4 {Wehrt Sd3 ab} Nxc4 {[%eval 0,26] [%wdl 12,976,12]} (20... O-O-O $17 {[%eval -109,24] [%wdl 0,381,619] ...Sxc4 ist eine echte Drohung.} 21. cxd5 f5) 21. e4 $2 {[%eval -508,21] [%wdl 0,0,1000][%mdl 8192]} Be3+ $19 {Schwarz steht klar auf Gewinn.} ({Nicht} 21... Bxd2 22. exd5 Be3+ (22... Bxe1 23. Re4 $11) 23. Kh1 $17) 22. Kh1 Bxd4 23. Bxc4 dxc4 24. Qxc4 Bxb2 25. Rf1 O-O 26. Nf3 Rad8 27. Qe2 Bg7 28. e5 Rfe8 29. Re1 Rd5 30. h3 Bxe5 {Gewichteter Fehlerwert: Weiß=0.75/Schwarz=0.80.  Verlustzug:     	Weiß=1     	Schwarz=2     Gewinn verpasst:   	Weiß=2     	---        Fehler:       	Weiß=3     	Schwarz=4     Ungenau:       	Weiß=2     	---        OK:         	Weiß=4     	Schwarz=8     Bester:       	Weiß=2     	Schwarz=3} 0-1

[Event "Vereinsjugendmeisterschaft 2024"]
[Site "Steinfurt"]
[Date "2024.05.19"]
[Round "3.5"]
[White "Hille, Julian"]
[Black "Venmanns, Joshua"]
[Result "1-0"]
[WhiteElo "1293"]
[BlackElo "750"]
[Annotator "Taktische Analyse 6.4"]
[PlyCount "45"]
[Beauty "8247545174534"]
[GameId "2049957520354682"]
[EventDate "2024.??.??"]
[WhiteTeam "SC Steinfurt 1996 e. V."]
[BlackTeam "SC Steinfurt 1996 e. V."]

{[%evp 9,44,317,449,319,318,318,423,378,560,566,551,533,667,651,713,710,759,714,692,691,754,696,758,758,805,791,980,873,921,911,1287,1207,29992,29991,29996,29997,29999]} 1. e4 e5 {[%cal Be7e5,Be5f4][%mdl 32]} 2. f4 exf4 3. Nf3 Qe7 4. Nc3 {[%cal Bb1c3,Bc3b5,Bb5c7][%mdl 32]} Qc5 $146 ({Vorgänger:} 4... g5 5. Nd5 Qxe4+ 6. Qe2 Qxe2+ 7. Bxe2 c6 8. Nc7+ Kd8 9. Nxa8 b5 10. Nxg5 Ke8 11. d4 {1-0 Broszeit,J-Mareck,G Theme 23671 freechess.de 2022}) 5. d4 Qd6 {[%eval 449,19] [%wdl 1000,0,0]} (5... Qa5 $142 {[%eval 317,22] [%wdl 999,1,0]} 6. Bd2 (6. Bxf4 Nf6 $18) 6... Bb4) 6. Nb5 {[%mdl 64] [#] Ablenkung. C34: Königsspringer-Gambit.} Qb6 7. Bxf4 Qa5+ 8. c3 {Weiß steht klar auf Gewinn.} c6 {[%eval 560,26] [%wdl 1000,0,0]} (8... d6 $142 {[%eval 378,24] [%wdl 1000,0,0]} 9. Nd2 a6) 9. Nc7+ $18 {Schwarz hat schwache schwarze Felder} Kd8 10. Nxa8 Qh5 11. Bxb8 Qg4 12. Qc2 Nf6 13. O-O-O Nxe4 14. Re1 f5 15. Bd3 d5 16. Ne5 {[%cal Bf3e5,Be5f7,Bf7d6][%mdl 32]} Qf4+ 17. Kb1 Bd6 18. Nf7+ Ke8 19. Nxd6+ Kf8 20. Bxe4 dxe4 21. Rhf1 {Weiß setzt Matt.} Qxh2 22. Qxe4 {[%csl Gd6,Ge1][%cal Re4e8]} f4 23. Qe8# {Nach der Eröffnung ein Spiel auf ein Tor.   Gewichteter Fehlerwert: Weiß=0.33/Schwarz=0.74.  Fehler:       	---       	Schwarz=1     Ungenau:       	---       	Schwarz=1     OK:         	Weiß=4     	Schwarz=2} 1-0

[Event "Vereinsjugendmeisterschaft 2024"]
[Site "Steinfurt"]
[Date "2024.05.19"]
[Round "3.6"]
[White "Mennigen, Niklas"]
[Black "Schlees, David"]
[Result "1-0"]
[WhiteElo "1100"]
[BlackElo "748"]
[Annotator "Taktische Analyse 6.4"]
[PlyCount "99"]
[Beauty "7011534119432"]
[GameId "2049957520362875"]
[EventDate "2024.??.??"]
[WhiteTeam "SC Steinfurt 1996 e. V."]
[BlackTeam "SC Steinfurt 1996 e. V."]

{[%evp 9,98,37,44,13,36,25,36,24,21,25,75,69,68,69,74,64,61,30,246,247,446,432,423,421,443,441,447,407,428,438,423,371,593,592,581,570,605,587,629,626,618,630,675,642,639,632,867,851,863,859,854,834,835,812,835,780,825,811,873,697,29956,830,29980,29981,29980,29981,29988,29983,29961,29959,29986,29987,29987,29988,29988,29989,29990,29991,29991,29992,29992,29993,29993,29993,29993,29993,29993,29994,29994,29995,29999]} 1. d4 c6 2. c4 d5 3. Nc3 Nf6 4. Bf4 Bf5 5. e3 e6 6. Bd3 {D10: Damengambit (Slawische Verteidigung).} Bg6 7. Nf3 Nbd7 8. a3 {Weiß steht etwas besser.} Be7 9. O-O Ne4 $146 ({Vorgänger:} 9... a5 10. Re1 O-O 11. e4 c5 12. exd5 exd5 13. cxd5 Nb6 14. d6 Bxd6 15. Bxd6 Qxd6 {1-0 Bargil,B (1576)-Koren,J EU Amateur-ch Ruzomberok 2016 (8)}) 10. Bxe4 Bxe4 11. Nxe4 dxe4 12. Nd2 f5 13. c5 {Db3 wäre nun fies.} Bf6 $2 {[%eval 246,26] [%wdl 997,3,0] Führt Schwarz ins Verderben.} (13... e5 $1 $11 {[%eval 30,25] [%wdl 68,925,7]} 14. Bxe5 (14. dxe5 Nxc5 15. Nc4 Qxd1 $15) 14... Nxe5 15. dxe5 Qd5) 14. Qb3 $18 {[%csl LRb7,LRe6]} Qe7 {[%eval 446,23] [%wdl 1000,0,0]} (14... O-O {[%eval 247,23] [%wdl 997,3,0]} 15. Rad1 (15. Qxb7 e5 $16) (15. Qxe6+ Rf7 $16) 15... Kh8) 15. Qxb7 O-O 16. Bd6 ({Schwächer ist} 16. Qxc6 e5 $18) 16... Qf7 17. Bxf8 Rxf8 18. Qxa7 Rd8 19. Qc7 e5 20. dxe5 ({Finger weg von} 20. Qxc6 exd4 21. Rad1 d3 $18) 20... Bxe5 {[%eval 593,21] [%wdl 1000,0,0]} (20... Nxe5 $142 {[%eval 371,25] [%wdl 1000,0,0]} 21. Qxf7+ Kxf7) 21. Qxd8+ Nf8 {[%cal Bd7f8,Bf8g6,Bg6e5,Be5g4][%mdl 32]} 22. Rab1 Qh5 {[%csl Ge5][%cal Rh5h2]} 23. g3 Bf6 24. Qc8 h6 25. Qxc6 Kh7 26. Qd6 Ng6 27. c6 Ne5 28. c7 Ng4 29. h4 (29. c8=R $2 Qxh2#) 29... Be5 {[#]} 30. Qxe5 $3 Nxe5 31. c8=Q Qg4 32. Kh2 {[%cal Bg1h2,Bh2g2,Bg2f3,Bf3e4,Be4d3][%mdl 32]} Qh5 33. Rfc1 Ng4+ 34. Kg2 f4 35. Rc5 {[%eval 830,32] [%wdl 1000,0,0]} (35. Nxe4 $142 {[%eval 32680,25] [%wdl 1000,0,0]} fxe3 36. Rc5 Qg6 37. f3 Nf2 38. h5 Qf7 39. Nd6 (39. Rc7 Nxe4 40. Rxf7 Nd6 41. Rc1 e2 42. Rf8 e1=N+ 43. Rxe1 Nxc8 44. Rxc8 g6 45. Re7#) 39... Qxh5 40. Rxh5) 35... f3+ {[#]} 36. Nxf3 $1 {Weiß setzt Matt.} exf3+ 37. Kxf3 Nh2+ 38. Ke4 Qf3+ 39. Kd3 Qxf2 40. Qf5+ Qxf5+ 41. Rxf5 Ng4 42. Rc1 Nf6 {[#]} 43. Rxf6 $1 gxf6 {KT-KBB} 44. h5 Kg7 45. Rc7+ Kf8 46. Ke4 Ke8 47. Kf5 Kd8 48. Rh7 Ke8 49. Kxf6 Kf8 50. Rh8# {Gewichteter Fehlerwert: Weiß=0.13 (sehr präzise) /Schwarz=0.51.  Verlustzug:     	---       	Schwarz=1     Fehler:       	---       	Schwarz=2     Ungenau:       	Weiß=1     	Schwarz=1     OK:         	Weiß=8     	Schwarz=5     Bester:       	Weiß=1     	---} 1-0

[Event "Vereinsjugendmeisterschaft 2024"]
[Site "Steinfurt"]
[Date "2024.05.19"]
[Round "3.7"]
[White "Janning, Luis"]
[Black "Wiegand, Malte"]
[Result "0-1"]
[WhiteElo "750"]
[BlackElo "958"]
[Annotator "Taktische Analyse 6.4"]
[PlyCount "70"]
[Beauty "7971748716044"]
[GameId "2049957520371068"]
[EventDate "2024.??.??"]
[WhiteTeam "SC Steinfurt 1996 e. V."]
[BlackTeam "SC Steinfurt 1996 e. V."]

{[%evp 9,69,9,19,18,24,23,30,0,0,0,18,-78,-98,-145,-154,-145,-152,-356,-116,-117,16,-27,60,25,51,57,59,70,108,107,241,155,308,306,532,478,481,-369,445,448,438,377,473,203,192,189,191,-29993,-29994,-29995,-29996,-29997,-29994,-29995,-29993,-29997,-29998,-29998,-29998,-29998,-29999,-29999]} 1. e4 e5 2. Nf3 Nc6 3. Nc3 Nf6 4. Bb5 Bb4 5. d3 Bxc3+ 6. bxc3 {C49: Vierspringerspiel (Symmetrische Variante).} O-O 7. Bxc6 bxc6 8. Bg5 {Weiß hat minimalen Vorteil.} Qe7 9. O-O Qe6 $146 ({Vorgänger:} 9... d6 10. h3 {½-½ Bronstein,D (2490)-Nei,I Keres Memorial-03 Tallinn 1981 (8)}) 10. d4 {[%eval -78,29] [%wdl 2,669,329]} (10. c4 $11 {[%eval 18,26] [%wdl 54,931,15] bleibt in der Remisbreite.}) 10... Nxe4 $17 11. Re1 Nxg5 (11... Nxc3 $6 12. Qd2 f6 13. Qxc3 fxg5 14. Nxe5 $11 (14. Rxe5 Qf7 $11)) 12. Nxg5 Qg6 13. Rxe5 {[%eval -356,24] [%wdl 0,0,1000]} (13. Nf3 $17 {[%eval -152,24] [%wdl 0,111,889] ist wohl besser.}) 13... d6 $2 {[%eval -116,25] [%wdl 0,334,666]} (13... f6 $19 {[%eval -356,24] [%wdl 0,0,1000] bietet bessere Gewinnchancen.} 14. Nxh7 Kxh7 (14... Qxh7 $2 15. Re7 $19)) 14. Ra5 d5 {[%eval 16,29] [%wdl 37,953,10]} (14... Bf5 $1 $17 {[%eval -117,19] [%wdl 0,324,676]} 15. Nf3 Bxc2) 15. Qd2 Qh5 {[%eval 60,26] [%wdl 176,822,2]} ({Vorzuziehen ist} 15... Bg4 $11 {[%eval -27,26] [%wdl 6,939,55]}) 16. c4 {[%cal Bc3c4,Bc4d5,Bd5c6][%mdl 32]} f6 17. Nf3 Qg6 18. cxd5 Bh3 {[%csl Gh3][%cal Rg6g2]} 19. Ne1 {Schwarz muss nun Dc3 beachten.} (19. dxc6 $2 Qxg2#) 19... Bd7 {[%eval 241,22] [%wdl 998,2,0]} (19... Rae8 $16 {[%eval 107,28] [%wdl 589,411,0]} 20. f3 (20. Rxa7 $2 Rxe1+ {[%mdl 64] Verteidiger eliminieren} 21. Rxe1 Qxg2#) 20... cxd5) 20. Qb4 {Droht dxc6 und aus.} Rae8 $2 {[%eval 308,22] [%wdl 1000,0,0]} (20... cxd5 $16 {[%eval 155,23] [%wdl 923,77,0] kämpft weiter.} 21. Rxd5 Bh3) 21. dxc6 $18 (21. Rxa7 Bh3 22. g3 (22. dxc6 $2 Rxe1+ {[%mdl 64] Verteidiger eliminieren} 23. Rxe1 Qxg2#) 22... Re2 $11) 21... Rxe1+ $2 {[%eval 532,26] [%wdl 1000,0,0]} (21... Bf5 {[%eval 306,24] [%wdl 1000,0,0]} 22. Qb5 (22. Rxa7 Rf7 $18) 22... Be6) 22. Qxe1 Bh3 {[%csl Gh3][%cal Rg6g2]} 23. g3 {[%eval -369,25] [%wdl 0,0,1000][%mdl 8192]} (23. Rxa7 $2 Qxg2#) (23. Qf1 $18 {[%eval 481,24] [%wdl 1000,0,0] war der einzige Gewinnzug.}) 23... Qxc2 $4 {[%eval 445,23] [%wdl 1000,0,0][%mdl 8192]} (23... Re8 $19 {[%eval -369,25] [%wdl 0,0,1000] und alles wird gut.} 24. Qd2 Qe4) 24. Rc1 (24. Rxa7 $2 {geht unter.} Qxc6 25. f3 (25. d5 $2 Qxd5 26. f3 Qd4+ 27. Kh1 Qxa7 $19) 25... Qb6 $19 (25... Qxf3 $2 26. Qf2 $18)) 24... Qg6 25. Rxa7 Qf7 {[#]} 26. d5 {[%eval 203,23] [%wdl 994,6,0]} Qxd5 27. f3 $1 Qxf3 {[%csl Gh3][%cal Rf3g2] [#]} 28. Qe6+ $4 {[%eval -32753,30] [%wdl 0,0,1000][%mdl 8192]} Bxe6 {Schwarz setzt Matt.} 29. Rf1 Qe3+ 30. Rf2 Qxa7 31. Kf1 Bxa2 32. Rxa2 Qxa2 33. Ke1 Re8+ 34. Kd1 Re2 {[%csl Ge2][%cal Ra2c2]} 35. h4 Qd2# {Was für ein Kampf!   Gewichteter Fehlerwert: Weiß=0.65/Schwarz=0.72.  Verlustzug:     	Weiß=1     	---        Gewinn verpasst:   	Weiß=2     	Schwarz=2     Fehler:       	Weiß=2     	Schwarz=5     Ungenau:       	Weiß=5     	Schwarz=2     OK:         	Weiß=7     	Schwarz=4     Bester:       	---       	Schwarz=3     Stark:        	Weiß=1     	---} 0-1

[Event "Vereinsjugendmeisterschaft 2024"]
[Site "Steinfurt"]
[Date "2024.05.19"]
[Round "3.8"]
[White "Tuncer, Daniel"]
[Black "Rathmann, Jenny"]
[Result "0-1"]
[WhiteElo "836"]
[BlackElo "792"]
[Annotator "Taktische Analyse 6.4"]
[PlyCount "88"]
[Beauty "7353520885768"]
[GameId "2049957520379261"]
[EventDate "2024.??.??"]
[WhiteTeam "SC Steinfurt 1996 e. V."]
[BlackTeam "SC Steinfurt 1996 e. V."]

{[%evp 9,87,-68,-69,-62,-32,-60,-56,-234,-236,-225,-198,-191,-194,-192,-192,-392,-151,-155,-155,-319,-197,-253,-247,-326,-143,-311,-118,-192,-191,-480,-460,-689,-483,-692,-501,-716,-715,-707,-702,-703,-692,-741,-740,-750,-749,-764,-733,-776,-732,-911,-902,-1048,-855,-1049,-941,-29992,-29993,-29992,-29993,-29994,-29993,-29993,-29994,-29994,-29994,-29995,-29996,-29996,-29996,-29996,-29996,-29996,-29997,-29997,-29998,-29998,-29998,-29998,-29999,-29999]} 1. e4 e5 2. Nf3 Nc6 3. Bc4 Nf6 4. Ng5 Rg8 5. Nf3 $146 ({Vorgänger:} 5. Bxf7+ Ke7 6. Bxg8 Ke8 7. O-O Nxe4 8. Nxe4 {½-½ Plocharczyk,E-Pajer,I POL-ch Rapid U18 Girls Bydgoszcz 2023 (5)}) 5... Nxe4 6. d3 {C57: Zweispringerspiel (Fritz-Variante).} Nc5 (6... d5 7. Bb5 Nd6 (7... Bb4+ 8. c3 $16) 8. Bxc6+ bxc6 9. Nxe5 $11) 7. Bg5 Be7 8. d4 $2 {[%eval -234,22] [%wdl 0,9,991] [#]} (8. Bxe7 $15 {[%eval -56,25] [%wdl 5,805,190]} Qxe7 9. Nc3) 8... exd4 $19 9. Bf4 d6 10. Nxd4 Nxd4 11. Qxd4 Bf6 12. Qd2 {[%eval -392,25] [%wdl 0,0,1000]} (12. Qe3+ {[%eval -192,25] [%wdl 0,28,972]} Be6 13. Nc3) 12... Ne4 $2 {[%eval -151,25] [%wdl 0,115,885]} (12... Qe7+ 13. Be3 Bxb2 14. c3 Bxa1 15. O-O) (12... Bxb2 $19 {[%eval -392,25] [%wdl 0,0,1000]} 13. Bg5 Qd7) 13. Qe2 $17 (13. Qd5 $2 Qe7 (13... Bxb2 14. Qxf7#) 14. O-O c6 (14... Bxb2 $2 15. Qb5+ c6 16. Qxb2 $18)) 13... Qe7 $36 {[%mdl 2048] Weiss steht unter starkem Druck.} 14. Bd5 $2 {[%eval -319,22] [%wdl 0,0,1000]} (14. c3 $17 {[%eval -155,24] [%wdl 0,95,905] war nötig.}) 14... Nc5 15. Nc3 {[%eval -253,27] [%wdl 0,2,998]} (15. Qxe7+ $142 {[%eval -197,26] [%wdl 0,19,981]} Kxe7 16. Nc3) 15... Qxe2+ 16. Nxe2 c6 {[%eval -143,22] [%wdl 0,132,868]} (16... Bxb2 $19 {[%eval -326,20] [%wdl 0,0,1000] ist viel giftiger.} 17. Rb1 Bf6) 17. Bc4 $2 {[%eval -311,22] [%wdl 0,0,1000]} (17. Bxd6 $17 {[%eval -143,22] [%wdl 0,132,868] einziger Zug.} Bxb2 (17... cxd5 18. Bxc5 Bxb2 19. Rb1 $15) 18. Rd1) 17... Bg4 $2 {[%eval -118,26] [%wdl 0,298,702]} (17... Bxb2 18. Rb1 Be5 19. O-O $19) (17... d5 $19 {[%eval -311,22] [%wdl 0,0,1000] bietet bessere Gewinnchancen.} 18. Bd3 Bxb2 (18... Nxd3+ $2 19. cxd3 Bxb2 20. Rb1 $19)) 18. f3 {[%eval -192,24] [%wdl 0,18,982]} (18. Bxd6 $17 {[%eval -118,26] [%wdl 0,298,702]} Na4 (18... Bxb2 19. Rb1 $15) (18... Ne4 19. Ba3 $11) 19. Ba3) 18... Be6 $19 ({Schlechter ist} 18... Bxb2 19. Rb1 Bxf3 20. Rxb2 (20. gxf3 Be5 $14) 20... Bxe2 21. Bxe2 $16) 19. Nd4 $2 {[%eval -480,23] [%wdl 0,0,1000]} (19. Bxe6 {[%eval -191,24] [%wdl 0,18,982] kämpft weiter.} Nxe6 20. Be3) 19... Bxc4 20. Kf2 {[%eval -689,21] [%wdl 0,0,1000]} (20. Nf5 $142 {[%eval -460,29] [%wdl 0,0,1000]} d5 (20... Bxb2 $2 21. Nxd6+ Ke7 22. Nxc4 $19) 21. Nd6+ Kd7 22. Nxc4 Rae8+ (22... dxc4 $2 23. O-O-O+ Kc8 24. Be3 $19) 23. Kf2 dxc4 24. Rad1+ Kc8 25. b3) 20... Z0 21. Rhf1 {[%eval -692,22] [%wdl 0,0,1000]} (21. Nf5 $142 {[%eval -483,23] [%wdl 0,0,1000]} d5 (21... Bxb2 $2 22. Rab1 $19) 22. Nd6+ Ke7 23. Nxc4 dxc4 24. Be3) 21... Z0 22. Kg1 Bxd4+ 23. Kh1 Bxf1 24. Rxf1 O-O-O 25. Re1 Rge8 26. Rf1 Bxb2 27. Bg5 Bf6 28. Bf4 Ne6 29. c4 Nxf4 30. Rd1 h6 {[#] ( -> ...d5)} 31. Kg1 d5 32. Kf2 dxc4 {Schwarz setzt Matt.} 33. Rxd8+ Rxd8 34. g3 Ne6 35. f4 c3 36. f5 Nf8 37. g4 c2 38. g5 hxg5 39. Kg3 Rd4 40. Kf3 c1=Q 41. Ke2 Qd2+ 42. Kf1 Qxa2 {[%cal Rd4d1]} 43. Ke1 Rb4 {[%cal Rb4b1]} 44. Kd1 Rb1# {Gewichteter Fehlerwert: Weiß=0.98/Schwarz=0.65.  Verlustzug:     	Weiß=3     	---        Gewinn verpasst:   	---       	Schwarz=3     Fehler:       	Weiß=6     	---        Ungenau:       	Weiß=3     	Schwarz=2     OK:         	Weiß=3     	Schwarz=5} 0-1